L' art des cavernes en Pays Basque : Ekain et Altxerri

Αποθηκεύτηκε σε:
Λεπτομέρειες βιβλιογραφικής εγγραφής
Κύριοι συγγραφείς: Altuna, Jesus, Baldeon Inigo, Amelia (Συγγραφέας), Mariezkurrena, Koro (Συγγραφέας)
Άλλοι συγγραφείς: Diaz de Gonzalez (Φωτογράφος), Bosinski, Gerhard (Συγγραφέας εισαγωγής κ.λπ.), Etore, Jeanne (Μεταφραστής), Lortholary, Bernard (Μεταφραστής)
Μορφή: Βιβλίο
Γλώσσα:French
Δημοσίευση: Paris : Seuil, c1997
Σειρά:Collection Arts rupestres
Θέματα:
Ετικέτες: Προσθήκη ετικέτας
Δεν υπάρχουν, Καταχωρήστε ετικέτα πρώτοι!

MARC

LEADER 00000nam a2200000 i 4500
001 1/39363
008 030820s1997 fre d
020 |a 2-02-032340-0 
035 |l 10070608 
040 |a GR-MY-UA  |b gre  |e aacr 
041 0 |a fre 
082 0 |a 709.01120946  |2 (21) 
100 1 |a Altuna, Jesus. 
245 1 3 |a L' art des cavernes en Pays Basque :  |b Ekain et Altxerri /  |c Jesus Altuna ; Avec la collaboration de Amelia Baldeon et Koro Mariezkurrena ; Photographies de Pedro Diaz de Gonzalez ; Preface et adaptation de Gerhard Bosinski ; Traduit de l' allemand par Jeanne Etore et Bernard Lortholary 
260 |a Paris :   |b Seuil,   |c c1997 
300 |a 198 p.;  |b col. ill.;  |c 31 cm. 
490 1 |a Collection "Arts rupestres" 
504 |a Includes bibliography 
650 0 0 |a Magdalenian culture  |z Pays Basque (France) 
650 0 0 |a Cave paintings  |z Pays Basque (France) 
650 0 0 |a Petroglyphs  |z Pays Basque (France) 
651 0 |a Ekain Cave (Spain) 
651 0 |a Altxerri Cave (Spain) 
700 1 |a Baldeon Inigo, Amelia.  |4 aut 
700 1 |a Mariezkurrena, Koro.  |4 aut 
700 1 |a Diaz de Gonzalez.  |4 pht 
700 1 |a Bosinski, Gerhard.  |4 aui 
700 1 |a Etore, Jeanne.  |4 trl 
700 1 |a Lortholary, Bernard.  |4 trl 
830 0 |a Collection Arts rupestres 
852 |a INST  |b SYROS  |e 20030820  |h 709.011209466 ALT  |p 005500003239  |q 005500003239  |t BK  |y 0 
901 |a BIBL5-2003-2 
909 |a Ε  |b 105804 
922 |a 5ΕΛΗ  |b 200210  |c ΤΜΣΠΣ  |d ΠΑΠΑΣΩΤΗΡΙΟΥ 
950 |a 183-2002-10-19 
970 |a ΚΑΓΙΑΒΑ  |b ΕΙΡΗΝΗ  |z 2003/09/03